01318nam a22003497a 4500003000500000005001700005008004100022010001000063011001000073035001000083040000900093082001500102100002800117245011400145260003200259300003100291490004700322590004100369590004100410590004100451590004200492650003900534650003900573650003900612700002900651830005400680901000700734942001000741949006500751999001700816952013500833CHAP20220329134312.0971013s1978 r 00010 d a18416 a19388 a23473 cCHAP a636.2bB6600aBoer, H. deeed.913383 aPatterns of growth and development in cattle ; a seminar in the EEC Programme of Coordination of Research.... aThe Hague :bNijhoff,c1978 a767 p.b: ilus. ; grágs. aCurrent topics in veterinary medicinev; 2 aBATCH-UPDb10c20130110lUCH01h1606 aBATCH-UPDb10c20130410lUCH01h1002 aBATCH-UPDb10c20130914lUCH01h0726 aCONVERSIONb10c20130109lUCH01h131114aCarne de resxProducción.91922214aGanado vacunoxCrecimiento.94545014aGanado vacunoxNutrición.9454980 aMartín, J.eed.9717360 aCurrent topics in veterinary medicinev; 2930544 aBK cLIBRO a636.2 B66bBCcLIBROd33724000266359eLIBROh50025i23473si c18416d18416 00102ddc4052708GRALaBCbBCcPP_GRALd2019-12-31fLIBROl0o636.2 B66p33724002560512r2019-12-31 00:00:00w2019-12-31yLIBRO